01365 2200361 4500001002100000005001500021035002000036007000300056008004100059020001800100040002200118082001700140084001900157100002800176245011700204300003100321500006900352500008000421650003400501700003500535850001200570041001300582264004100595336002100636337002300657338003800680546006700718538007800785852002000863856007600883990002200959990002200981INLIS00000000086208420210830015708 a0010-0721000319ta210709s2012 yoi bs 1 ind d a979-168-021-3 aYOPDYOGbinderda04223a899.2213 a899.2213 CAR p1 aCarroll, Lewisepenulis10aPetualangan Alice di Negeri Ajaib dan Dunia di Balik Cermin /cpenulis, Lewis Carroll; penerjemah, Sri Hariyanto a1 berkas komputer (6,0 MB) aUntuk mengakses buku ini silakan unduh aplikasi http://ijogja.id aJudul asli : Alice's adventures in Wonderland and through the looking-glass 4aFiksi Indonesia--xTerjemahan0 aAningSri Hariyantoepenerjemah aYOPDYOG1 aindheng31aYogyakarta :bMedia Pressindo,c2012 2rdacontentateks 2rdamediaakomputer 2rdacarrierasumber sambung jaring aTeks dalam bahasa Indonesia, diterjemahkan dari bahasa Inggris aAndroid : versi 4.0 atau di atasnya, memori 1 GB, layar tampilan 4-inch8 aaplikasi iJogja40nPerpustakaan Digital iJogjauhttp://ijogja.id /publications/books/12093 a000727-EPD/B.2016 a000728-EPD/B.2016